000 00721nam a2200289Ia 4500
005 20260324124513.0
008 008 260324s9999 xx 000 0 eng d
020 _a9780203845431
037 _aEBOOK
040 _aCRL
040 _beng
040 _cCRL
041 _2eng
041 _aeng
084 _qCRL
100 _aTonie Stolberg; Geoff Teece
_91174408
245 0 _aTeaching Religion and Science
245 0 _bEffective Pedagogy and Practical Approaches for RE Teachers
260 _bTaylor and Francis
260 _c2010
365 _a
365 _b255
856 _uhttp://www.taylorfrancis.com/books/9780203845431
942 _cEBOOK
999 _c1768835
_d1768835